|
|
|
|
| LEADER |
00000nam a22000007a 4500 |
| 005 |
20220825225036.0 |
| 007 |
cr|||| |||| |
| 008 |
220825s2022 co |||||s|||| 00||0 spa d |
| 020 |
|
|
|a 978-958-784-865-6
|
| 035 |
|
|
|a 36972
|
| 040 |
|
|
|a vLex
|
| 090 |
|
|
|c 13845
|d 13845
|
| 100 |
1 |
|
|a Ternera Barrios, Francisco
|
| 245 |
1 |
0 |
|a Retos del derecho de familia contemporǹeo
|h [Recurso electrn̤ico] /
|c Francisco Ternera Barrios, Clara Carolina Cardozo Roa, Karol Ximena Martn̕ez Muǫz
|
| 256 |
|
|
|a Servicio en ln̕ea
|
| 260 |
|
|
|a Bogot:̀
|b Universidad del Rosario,
|c 2022
|
| 300 |
|
|
|a 1 recurso electrn̤ico
|
| 506 |
1 |
|
|a Disponible solo en los productos indicados
|d vLex Global
|d vLex Global (Academic Edition, excluding Law Schools)
|d vLex Global (U.S. Academic Edition, Law Schools)
|d vLex Global (U.S. Academic Edition, excluding Law Schools)
|d vLex Global (Academic Edition, Law Schools)
|
| 650 |
0 |
4 |
|a Derecho Civil
|z Colombia
|
| 700 |
1 |
|
|a Cardozo Roa, Clara Carolina
|
| 700 |
1 |
|
|a Martn̕ez Muǫz, Karol Ximena
|
| 740 |
0 |
|
|a vLex Libros (Servicio en ln̕ea)
|
| 856 |
4 |
0 |
|u https://app.vlex.com/#/sources/36972
|z Acceso restringido
|
| 942 |
|
|
|c BOOK
|
| 999 |
0 |
|
|a Civil Law
|